000
00282nam a2200109Ia 4500
008
190912s9999||||xx |||||||||||||| ||und||
100
_a
Quaid e Azam academy
245
0
_a
Quaid e Azam Muhammad ali jinnah Gustang
260
_a
Karachi
_b
McGraw-Hill
_c
1948
300
_a
315
942
_c
BK
999
_c
7376
_d
7376